Score 0/15 Timer 05:00
0 Plays Today
% Correct
The Simpsons
91.9%
That '70s Show
91.8%
Grey's Anatomy
88.2%
Two and a Half Men
83.5%
The Walking Dead
82.4%
Bob's Burgers
82.3%
Curb Your Enthusiasm
70.5%
Charmed
66.1%
% Correct
Adventure Time
64.2%
Fresh Off the Boat
63.7%
The Marvelous Mrs. Maisel
49.4%
True Blood
48.3%
The Flash
38.8%
Masters of Sex
26.4%
Grimm
16.8%
Remove Ads.
Support Sporcle.
Get the best of Sporcle when you Go Orange. This ad-free experience offers more features, more stats, and more fun while also helping to support Sporcle. Thank you for becoming a member.

You're not logged in!

Compare scores with friends on all Sporcle quizzes.
OR
Log In

Show Comments

Extras

Top Quizzes Today


Score Distribution

Your Account Isn't Verified!

In order to create a playlist on Sporcle, you need to verify the email address you used during registration. Go to your Sporcle Settings to finish the process.

Report this User

Report this user for behavior that violates our Community Guidelines.

Details: